000 00637nam a2200277Ia 4500
005 20260324144006.0
008 008 260324s9999 xx 000 0 eng d
020 _a9780429040726
037 _aEBOOK
040 _aCRL
040 _beng
040 _cCRL
041 _2eng
041 _aeng
084 _qCRL
100 _aTozun Bahcheli
_91217676
245 0 _aGreek-Turkish Relations Since 1955
260 _bTaylor and Francis
260 _c1990
365 _a
365 _b220
856 _uhttp://www.taylorfrancis.com/books/9780429040726
942 _cEBOOK
999 _c1823756
_d1823756